MARC

LEADER 00000nam0a2200000 4500
001 291572
005 20231102000413.0
020 |a RU  |b 83-67727 
035 |a (RuTPU)RU\TPU\book\316150 
090 |a 291572 
100 |a 20150415d1983 m y0rusy5003 ca 
101 0 |a rus 
102 |a RU 
105 |a a j 001zy 
200 1 |a Математическое программирование  |e учебное пособие  |f С. Г. Крейн 
210 |a Воронеж  |c Изд-во Воронежского ун-та  |d 1983 
215 |a 159 с.  |c ил. 
320 |a Библиогр.: с. 159 
606 1 |a Математическое программирование  |x (математика)  |2 stltpush  |3 (RuTPU)RU\TPU\subj\41243  |9 61049 
610 1 |a учебные пособия 
610 1 |a линейное программирование 
610 1 |a задачи 
610 1 |a решение 
610 1 |a сетевые методы 
610 1 |a теория массового обслуживания 
610 1 |a динамическое программирование 
610 1 |a транспортная задача 
610 1 |a теория двойственности 
610 1 |a целевые функции 
675 |a 519.85(075.8)  |z rus  |v 3 
700 1 |a Крейн  |b С. Г.  |g Селим Гершкович  |4 070 
801 0 |a RU  |b RuMRKP  |c 19950704  |g psbo 
801 1 |a RU  |b 63413507  |c 20150415 
801 2 |a RU  |b 63413507  |c 20181116  |g RCR 
942 |c BK